No smoke without fire (Record no. 73040)
[ view plain ]
| 000 -LEADER | |
|---|---|
| fixed length control field | 01430cam a2200265 4500 |
| 001 - CONTROL NUMBER | |
| control field | ABS66928 |
| 008 - FIXED-LENGTH DATA ELEMENTS--GENERAL INFORMATION | |
| fixed length control field | 030715n2003 000 0 eng u |
| 035 ## - SYSTEM CONTROL NUMBER | |
| System control number | (Sirsi) u123004 |
| 100 ## - MAIN ENTRY--PERSONAL NAME | |
| Personal name | Murdoch, J. |
| 245 ## - TITLE STATEMENT | |
| Title | No smoke without fire |
| 260 ## - PUBLICATION, DISTRIBUTION, ETC. | |
| Date of publication, distribution, etc. | 2003 |
| 490 ## - SERIES STATEMENT | |
| Series statement | Estates Gazette |
| Volume/sequential designation | (0326) 28 June 2003, 177(1) |
| 520 ## - SUMMARY, ETC. | |
| Summary, etc. | Considers "Johnson v B J W Property Developments Ltd" ([2002] EWHC 1131, [2003] 3 All ER 574) concerning liability for damage caused by the escape of fire from a property. The defendant's (J) reliance on the statutory defence contained within the Fires Prevention (Metropolis) Act 1774 s86 that a property owner was not liable for a fire which had begun accidentally was rejected on the grounds that the escape of fire was not accidental but was due to negligence by a contractor. J was found to be vicariously liable for the damage caused by the escape of fire to the property. A landowner is not liable for the accidental damage by fire but a contractor's negligence means that such as escape is not accidental. |
| 590 ## - LOCAL NOTE (RLIN) | |
| Local note | ABS |
| 650 ## - SUBJECT ADDED ENTRY--TOPICAL TERM | |
| Topical term or geographic name entry element | CLIENTS' LIABILITIES |
| 650 ## - SUBJECT ADDED ENTRY--TOPICAL TERM | |
| Topical term or geographic name entry element | JOHNSON V B J W PROPERTY DEVELOPMENT LTD |
| 650 ## - SUBJECT ADDED ENTRY--TOPICAL TERM | |
| Topical term or geographic name entry element | FIRES PREVENTION METROPOLIS ACT 1774 |
| 650 ## - SUBJECT ADDED ENTRY--TOPICAL TERM | |
| Topical term or geographic name entry element | STRICT LIABILITY |
| 650 ## - SUBJECT ADDED ENTRY--TOPICAL TERM | |
| Topical term or geographic name entry element | LIABILITY IN TORT |
| 650 ## - SUBJECT ADDED ENTRY--TOPICAL TERM | |
| Topical term or geographic name entry element | NEGLIGENCE |
| 650 ## - SUBJECT ADDED ENTRY--TOPICAL TERM | |
| Topical term or geographic name entry element | ACCIDENTS |
| 650 ## - SUBJECT ADDED ENTRY--TOPICAL TERM | |
| Topical term or geographic name entry element | VICARIOUS LIABILITY |
| 690 ## - LOCAL SUBJECT ADDED ENTRY--TOPICAL TERM (OCLC, RLIN) | |
| Topical term or geographic name as entry element | PROPERTY AND LAND LAW-CASE LAW |
| 942 ## - ADDED ENTRY ELEMENTS (KOHA) | |
| Suppress in OPAC | 0 |
| Withdrawn status | Lost status | Source of classification or shelving scheme | Damaged status | Not for loan | Home library | Current library | Shelving location | Date acquired | Total Checkouts | Full call number | Barcode | Date last seen | Copy number | Price effective from | Koha item type |
|---|---|---|---|---|---|---|---|---|---|---|---|---|---|---|---|
| Dewey Decimal Classification | London | London | Journal article | 15/07/2003 | ABS66928 | 123004-1001 | 06/08/2019 | 1 | 06/08/2019 | Journal article |